000 01098cam a2200289 a 4500
001 000018029
005 20200929165325.0
008 910725s1989 cu a b 001 0bspa
035 _a(DLC) 91176609
040 _aDO-SdBNP
_bspa
_cDLC
_dDLC
_dBNPHU
082 _a834.914
_bB243v
100 1 _aBarckhausen, Christiane,
_d1942-
_939089
245 1 0 _aVerdad y leyenda de Tina Modotti /
_cChristiane Barckhausen-Canale ; edición César Ramos.
260 _aLa Habana :
_bCasa de las Américas,
_cc1989.
300 _a349 p. :
_bil. ;
_c23 cm.
490 1 _aEnsayo
504 _a"Fotografías y escritos de Tina Modotti publicados en vida": p. 330-332.
504 _aIncluye referencias bibliográficas (p. 333-336) e índice de nombres.
586 _aPremio Casa de las Américas 1988.
600 1 0 _aMODOTTI, TINA,
_d1896-1942.
_xBIOGRAFÍA
_939090
650 4 _aEnsayos alemanes
_939091
650 4 _aLiteratura alemana
_ySIGLO XX
_912939
700 1 _aRamos, César,
_eed.
_913341
830 0 _aEnsayo (Casa de las Américas)
_939092
910 _aCatalogación por copia / LC
049 _aBNGR
999 _c17551
_d17551